[Event "XVI. DBMM Schach"]
[Site "Dresden"]
[Date "2016.11.05"]
[Round "5.4"]
[White "Hoffmann, Paul"]
[Black "Perlitz, Sven"]
[Result "1-0"]
[WhiteElo "2372"]
[BlackElo "2065"]
[Annotator "br"]
[PlyCount "109"]
[EventDate "2016.11.??"]
[SourceTitle "XVI. DBMM 2016"]
[Source "FV Schach e.V."]
[SourceDate "2017.06.14"]
[SourceVersion "1"]
[SourceVersionDate "2017.06.14"]
[SourceQuality "1"]
[WhiteTeam "UKA GmbH Meissen"]
[BlackTeam "Deutsche Bahn/BSW Frankfurt/M"]
[WhiteTeamCountry "GER"]
[BlackTeamCountry "GER"]

1. e4 c5 2. Nf3 Nc6 3. Nc3 e6 4. g3 d5 5. Bg2 dxe4 6. Nxe4 Be7 7. O-O Nf6 8. d3
O-O 9. Be3 Nxe4 10. dxe4 b6 11. Qe2 Bb7 12. c3 Qc7 13. Bf4 e5 14. Be3 Rad8 15.
Rfd1 Bf6 16. Qc2 Ba6 17. Bf1 Qc8 18. Qa4 Na5 19. Bxa6 Qxa6 20. b4 cxb4 21. cxb4
Rxd1+ 22. Rxd1 Qe2 23. bxa5 Qxf3 24. a6 h5 25. Rd7 h4 26. Qd1 Qxe4 27. gxh4
Bxh4 28. h3 f5 29. Qd5+ Qxd5 30. Rxd5 f4 31. Bd2 e4 32. Rd4 Bxf2+ 33. Kxf2 e3+
34. Bxe3 fxe3+ 35. Kxe3 Rf7 $11 36. h4 Re7+ 37. Kf4 Kf7 38. Rd8 Kg6 39. Rb8 Kf6
40. Rb7 Re2 41. Rxa7 Rxa2 42. Ra8 g6 43. Ke4 b5 44. Kd4 b4 45. Kc4 b3 46. Kxb3
Ra1 47. Kb4 Kg7 48. Kb5 Rf1 49. Rc8 Rb1+ 50. Kc6 Rc1+ 51. Kb7 Rb1+ 52. Ka8 Rb4
53. a7 Rxh4 54. Kb7 Rb4+ 55. Kc6 1-0

[Event "XVI. DBMM Schach"]
[Site "Dresden"]
[Date "2016.11.05"]
[Round "5.1"]
[White "Schramm, Christian"]
[Black "Segerberg, Tomas"]
[Result "1-0"]
[WhiteElo "2390"]
[BlackElo "2075"]
[Annotator "br"]
[PlyCount "151"]
[EventDate "2016.11.??"]
[SourceTitle "XVI. DBMM 2016"]
[Source "FV Schach e.V."]
[SourceDate "2017.06.14"]
[SourceVersion "1"]
[SourceVersionDate "2017.06.14"]
[SourceQuality "1"]
[WhiteTeam "AGI Frankfurt"]
[BlackTeam "Europaeisches Patentamt Muenchen"]
[WhiteTeamCountry "GER"]
[BlackTeamCountry "GER"]

1. c4 c5 2. g3 Nf6 3. Bg2 d5 4. cxd5 Nxd5 5. Nc3 Nc7 6. Qa4+ Nd7 7. b3 e6 8.
Bb2 Be7 9. Rc1 O-O 10. h4 a6 11. Nh3 Nf6 12. Ne4 Nxe4 13. Qxe4 f5 14. Qc2 Nd5
15. Nf4 Nxf4 16. gxf4 Ra7 17. Be5 b6 18. Rh3 Bf6 19. Qc3 Raf7 20. a4 Bb7 21.
Bxf6 gxf6 22. Rg3+ Kh8 23. Bxb7 Rxb7 24. a5 Qd5 25. Qf3 Qxf3 26. Rxf3 Rg8 27.
Kf1 Rbg7 28. Rg3 Rxg3 29. fxg3 Rxg3 30. e3 bxa5 31. Rxc5 Rg4 32. h5 a4 33. bxa4
e5 34. fxe5 fxe5 35. Rxe5 Rxa4 36. h6 Kg8 37. Rxf5 Rh4 38. Rf6 a5 39. Ke2 a4
40. Kd3 a3 41. Ra6 a2 42. e4 Rxh6 43. Rxa2 Rd6+ 44. Ke3 h5 45. d4 h4 46. Rh2
Rh6 47. Kf4 Kf7 48. Rh3 Rd6 49. d5 Rh6 50. Kg5 Rg6+ 51. Kxh4 Kf6 52. Rc3 Rg1
53. Rc6+ Ke7 54. Re6+ Kd7 55. Kh5 Rg2 56. Rg6 Re2 57. Rg4 Kd6 58. Kg6 Re1 59.
Kf7 Kd7 60. Rf4 Re2 61. Kf6 Kd6 62. Kf5 Re1 63. Rf2 Re3 64. Kf4 Re1 65. Rf3 Ra1
66. Rh3 Rf1+ 67. Ke3 Rd1 68. Rh6+ Ke7 69. Kf4 Rg1 70. Re6+ Kd7 71. Rf6 Rh1 72.
Ke5 Rh5+ 73. Rf5 Rh7 74. Rg5 Ke7 75. d6+ Kd7 76. Kd5 1-0

[Event "XVI. DBMM Schach"]
[Site "Dresden"]
[Date "2016.11.05"]
[Round "5.2"]
[White "Heer, Stephan"]
[Black "Rietze, Clemens"]
[Result "0-1"]
[WhiteElo "2134"]
[BlackElo "2359"]
[Annotator "br"]
[PlyCount "70"]
[EventDate "2016.11.??"]
[SourceTitle "XVI. DBMM 2016"]
[Source "FV Schach e.V."]
[SourceDate "2017.06.14"]
[SourceVersion "1"]
[SourceVersionDate "2017.06.14"]
[SourceQuality "1"]
[WhiteTeam "Europaeisches Patentamt Muenchen"]
[BlackTeam "AGI Frankfurt"]
[WhiteTeamCountry "GER"]
[BlackTeamCountry "GER"]

1. Nf3 Nf6 2. g3 d5 3. Bg2 g6 4. O-O Bg7 5. d3 O-O 6. Nbd2 c5 7. e4 Nc6 8. Re1
e5 9. exd5 Nxd5 10. Nc4 Re8 11. a4 f6 12. c3 Be6 13. Nfd2 Bf8 14. Nf1 Qd7 15.
Nfe3 Nde7 16. Qe2 Rad8 17. Bf1 b6 18. b3 Bg7 19. Bb2 f5 20. Rad1 f4 21. Nc2 Nd5
22. Bg2 g5 23. Be4 g4 24. d4 exd4 25. cxd4 cxd4 26. Nxd4 Nxd4 27. Rxd4 Nc3 28.
Bxc3 Bxd4 29. Ne5 Qg7 30. Bxd4 Rxd4 31. gxf4 Rf8 32. Qe3 Rb4 33. Nc4 Kh8 34.
Bc2 Bxc4 35. bxc4 Rxc4 0-1

[Event "XVI. DBMM Schach"]
[Site "Dresden"]
[Date "2016.11.05"]
[Round "5.3"]
[White "Guth, Thomas"]
[Black "Bohnhoff, Peter"]
[Result "1/2-1/2"]
[WhiteElo "2301"]
[BlackElo "2060"]
[Annotator "br"]
[PlyCount "86"]
[EventDate "2016.11.??"]
[SourceTitle "XVI. DBMM 2016"]
[Source "FV Schach e.V."]
[SourceDate "2017.06.14"]
[SourceVersion "1"]
[SourceVersionDate "2017.06.14"]
[SourceQuality "1"]
[WhiteTeam "AGI Frankfurt"]
[BlackTeam "Europaeisches Patentamt Muenchen"]
[WhiteTeamCountry "GER"]
[BlackTeamCountry "GER"]

1. e4 e5 2. Bc4 Nf6 3. Nc3 Nxe4 4. Qh5 Nd6 5. Bb3 Be7 6. Nf3 Nc6 7. Nxe5 g6 8.
Nxc6 dxc6 9. Qe5 O-O 10. O-O Bf6 11. Qc5 Nf5 12. d3 Bd4 13. Qc4 a5 14. Ne4 Be6
15. Qa4 b5 16. Qa3 a4 17. Bxe6 fxe6 18. Bg5 Qd5 19. c3 Bg7 20. Rae1 h6 21. Bc1
Rf7 22. Qc5 Bf8 23. Qxd5 exd5 24. Ng3 Nxg3 25. hxg3 Kg7 26. Re6 Bd6 27. Bf4 Rd8
28. Rfe1 Rdd7 29. d4 Bxf4 30. gxf4 Rxf4 31. Rxc6 Rf6 32. Ree6 Rxe6 33. Rxe6 c5
34. Rb6 cxd4 35. cxd4 a3 36. Rxb5 axb2 37. Rxb2 Ra7 38. Kf1 Kf6 39. Ke2 Kf5 40.
f3 Kf4 41. Kf2 h5 42. Re2 h4 43. Kg1 Ra4 1/2-1/2

[Event "XVI. DBMM Schach"]
[Site "Dresden"]
[Date "2016.11.05"]
[Round "5.4"]
[White "Jachs, Walter"]
[Black "Buescher, Henrik"]
[Result "1/2-1/2"]
[WhiteElo "1998"]
[BlackElo "2112"]
[Annotator "br"]
[PlyCount "53"]
[EventDate "2016.11.??"]
[SourceTitle "XVI. DBMM 2016"]
[Source "FV Schach e.V."]
[SourceDate "2017.06.14"]
[SourceVersion "1"]
[SourceVersionDate "2017.06.14"]
[SourceQuality "1"]
[WhiteTeam "Europaeisches Patentamt Muenchen"]
[BlackTeam "AGI Frankfurt"]
[WhiteTeamCountry "GER"]
[BlackTeamCountry "GER"]

1. e4 g6 $11 2. d4 Bg7 3. Nc3 c6 4. f4 d5 5. e5 h5 6. Nf3 Nh6 7. Be3 Bg4 8. Be2
Bxf3 9. Bxf3 Na6 10. O-O Nc7 11. a4 Ne6 12. g3 Nf5 13. Bf2 Qc7 14. Qd2 Bh6 15.
Qd3 h4 16. Ne2 hxg3 17. hxg3 O-O-O 18. Rfc1 Kb8 19. c4 Qa5 20. cxd5 cxd5 21.
Qb3 g5 22. Qd3 gxf4 23. Qxf5 fxg3 24. Bxg3 Bxc1 25. Rxc1 Qd2 26. Qc2 Qe3+ 27.
Kg2 1/2-1/2

[Event "XVI. DBMM Schach"]
[Site "Dresden"]
[Date "2016.11.05"]
[Round "5.1"]
[White "Engelmann, Jakob"]
[Black "Kleeschaetzky, Rainer"]
[Result "1-0"]
[WhiteElo "2256"]
[BlackElo "2321"]
[Annotator "br"]
[PlyCount "85"]
[EventDate "2016.11.??"]
[SourceTitle "XVI. DBMM 2016"]
[Source "FV Schach e.V."]
[SourceDate "2017.06.14"]
[SourceVersion "1"]
[SourceVersionDate "2017.06.14"]
[SourceQuality "1"]
[WhiteTeam "RWE Essen"]
[BlackTeam "Deutsche Bahn/BSW Berlin"]
[WhiteTeamCountry "GER"]
[BlackTeamCountry "GER"]

1. c4 c6 2. g3 d5 3. Bg2 Nf6 4. Nf3 Bg4 5. Ne5 Bh5 6. cxd5 Nxd5 7. g4 Bg6 8.
Nc3 Nf4 $11 9. Bf3 Nd7 10. Nxd7 Qxd7 11. d4 Nd5 12. e4 Nb6 13. a4 Rd8 14. a5
Nc8 15. Be3 e6 16. h4 h6 17. Qb3 f5 18. e5 Ne7 19. h5 Bf7 20. O-O-O fxg4 21.
Bxg4 Nf5 22. Kb1 g6 23. Ne2 Qd5 24. Qxb7 Qe4+ 25. Ka1 Nxe3 26. fxe3 Qxg4 27.
Qxc6+ Rd7 28. Nc3 Be7 29. hxg6 Bxg6 30. d5 exd5 31. Rhg1 Qc4 32. Qxg6+ Kd8 33.
Qe6 Re8 34. Rg7 Qc5 35. Rh7 Qxa5+ 36. Kb1 Qb6 37. Qxb6+ axb6 38. Nxd5 b5 39.
Rxh6 Bc5 40. e4 Ba7 41. Rf1 Rg7 42. Rd6+ Kc8 43. e6 1-0

[Event "XVI. DBMM Schach"]
[Site "Dresden"]
[Date "2016.11.05"]
[Round "5.2"]
[White "Jauk, Wilhelm"]
[Black "Limbourg, Philipp"]
[Result "0-1"]
[WhiteElo "2149"]
[BlackElo "2206"]
[Annotator "br"]
[PlyCount "66"]
[EventDate "2016.11.??"]
[SourceTitle "XVI. DBMM 2016"]
[Source "FV Schach e.V."]
[SourceDate "2017.06.14"]
[SourceVersion "1"]
[SourceVersionDate "2017.06.14"]
[SourceQuality "1"]
[WhiteTeam "Deutsche Bahn/BSW Berlin"]
[BlackTeam "RWE Essen"]
[WhiteTeamCountry "GER"]
[BlackTeamCountry "GER"]

1. d4 e6 2. Nf3 f5 3. c4 Nf6 4. Nc3 Bb4 5. e3 Bxc3+ 6. bxc3 d6 7. Be2 O-O 8.
O-O Qe7 9. Ba3 b6 10. Qc2 c5 11. Rfd1 Bb7 12. Nd2 e5 13. Nf1 e4 14. Rd2 Nc6 15.
Bb2 Na5 16. Rdd1 Ba6 17. Qa4 Qe8 18. Qxe8 Rfxe8 19. Nd2 Rac8 20. Rac1 cxd4 21.
cxd4 d5 22. Ba3 Bxc4 23. Nxc4 Nxc4 24. Bb4 a5 25. Be1 Nb2 26. Rxc8 Rxc8 27. Rb1
Rc2 28. Kf1 Ng4 29. h3 Nh2+ 30. Kg1 Rxe2 31. Kxh2 Nd3 32. Bc3 Rc2 33. Rb3 a4
0-1

[Event "XVI. DBMM Schach"]
[Site "Dresden"]
[Date "2016.11.05"]
[Round "5.3"]
[White "Broszeit, Peter"]
[Black "Schuettig, Ruediger"]
[Result "0-1"]
[WhiteElo "1970"]
[BlackElo "2234"]
[Annotator "br"]
[PlyCount "58"]
[EventDate "2016.11.??"]
[SourceTitle "XVI. DBMM 2016"]
[Source "FV Schach e.V."]
[SourceDate "2017.06.14"]
[SourceVersion "1"]
[SourceVersionDate "2017.06.14"]
[SourceQuality "1"]
[WhiteTeam "RWE Essen"]
[BlackTeam "Deutsche Bahn/BSW Berlin"]
[WhiteTeamCountry "GER"]
[BlackTeamCountry "GER"]

1. e4 g6 2. Nc3 Bg7 3. d4 c6 4. Nf3 d6 5. a3 Nf6 6. Bc4 d5 7. exd5 cxd5 8. Bd3
O-O 9. Ne2 Nc6 10. Ng3 Bg4 11. c3 e5 12. Be2 Bxf3 13. Bxf3 exd4 14. cxd4 Qb6
15. Ne2 Ne4 16. O-O Nxd4 17. Nxd4 Bxd4 18. Bxe4 dxe4 19. Qe2 Rfe8 20. Rb1 Rac8
21. b4 Rc3 22. Bb2 Rd3 23. Rfd1 Rxd1+ 24. Rxd1 Bxb2 25. Qxb2 e3 26. fxe3 Qxe3+
27. Kf1 Re5 28. Rd8+ Kg7 29. Rd1 Kh6 0-1

[Event "XVI. DBMM Schach"]
[Site "Dresden"]
[Date "2016.11.05"]
[Round "5.4"]
[White "Kuhne, Detlev"]
[Black "Broksch, Dirk"]
[Result "1-0"]
[WhiteElo "2131"]
[BlackElo "1902"]
[Annotator "br"]
[PlyCount "61"]
[EventDate "2016.11.??"]
[SourceTitle "XVI. DBMM 2016"]
[Source "FV Schach e.V."]
[SourceDate "2017.06.14"]
[SourceVersion "1"]
[SourceVersionDate "2017.06.14"]
[SourceQuality "1"]
[WhiteTeam "Deutsche Bahn/BSW Berlin"]
[BlackTeam "RWE Essen"]
[WhiteTeamCountry "GER"]
[BlackTeamCountry "GER"]

1. Nf3 d5 2. d4 Nf6 3. c4 c6 4. e3 g6 5. Nc3 Bg7 6. Bd3 O-O 7. O-O dxc4 8. Bxc4
Bg4 9. h3 Bxf3 10. Qxf3 Nbd7 11. Rd1 Nb6 12. Bb3 e6 13. e4 h6 14. Be3 Qe7 15.
a3 Rfe8 16. Rac1 Rac8 17. e5 Nfd5 18. Ne4 Red8 19. Nd6 Ra8 20. Qe4 Nxe3 21.
fxe3 Nc8 22. Nc4 Nb6 23. Nd2 Nd5 24. Qf3 Nc7 25. Ne4 Ne8 26. Rf1 Rd7 27. Rf2
Rc8 28. Rcf1 a6 29. Qg3 Qd8 30. Nc5 Re7 31. Rxf7 1-0

[Event "XVI. DBMM Schach"]
[Site "Dresden"]
[Date "2016.11.05"]
[Round "5.1"]
[White "Seger, Ruediger"]
[Black "Hoffmann, Hendrik"]
[Result "1-0"]
[WhiteElo "2372"]
[BlackElo "2266"]
[Annotator "br"]
[PlyCount "133"]
[EventDate "2016.11.??"]
[SourceTitle "XVI. DBMM 2016"]
[Source "FV Schach e.V."]
[SourceDate "2017.06.14"]
[SourceVersion "1"]
[SourceVersionDate "2017.06.14"]
[SourceQuality "1"]
[WhiteTeam "Deutsche Post Bonn"]
[BlackTeam "le-tex Publishing Services Leipzig"]
[WhiteTeamCountry "GER"]
[BlackTeamCountry "GER"]

1. e4 c5 2. b3 Nf6 3. e5 Nd5 4. Nf3 Nc6 5. Bb2 e6 6. Nc3 Nxc3 7. Bxc3 Be7 8.
Bb5 Qb6 9. a4 O-O 10. O-O Nd4 $11 11. Bd3 f5 12. a5 Nxf3+ 13. Qxf3 Qc7 14. a6
Rb8 15. axb7 Bxb7 16. Qe2 Ra8 17. Ba6 f4 18. Bxb7 Qxb7 19. f3 a5 20. Ra4 Bd8
21. Rfa1 Bb6 22. Kf1 Qc7 23. Rc4 Qd8 24. Raa4 Qh4 25. h3 g5 26. d3 Qh5 27. Qe1
h6 28. Bxa5 Bxa5 29. Rxa5 Rxa5 30. Qxa5 g4 31. hxg4 Qh1+ 32. Kf2 Qh4+ 33. Ke2
Qh1 34. Qxc5 Ra8 35. Ra4 Rxa4 36. bxa4 Qxg2+ 37. Qf2 Qh1 38. Qf1 Qh2+ 39. Kd1
Qh4 40. d4 Qe7 41. Qd3 Kg7 42. Qb5 Qa3 43. Qxd7+ Kh8 44. Qc8+ Kg7 45. Qb7+ Kh8
46. Qe4 Qxa4 47. Qxf4 Kh7 48. Qe4+ Kg7 49. d5 Qa1+ 50. Ke2 exd5 51. Qxd5 Qg1
52. Qe4 Qg2+ 53. Kd3 Qf1+ 54. Qe2 Qb1 55. e6 Kf8 56. f4 Qb4 57. f5 Qb5+ 58. Ke3
Qe5+ 59. Kf3 Qd5+ 60. Kg3 Qh1 61. f6 Qg1+ 62. Kf3 Qh1+ 63. Kf4 Qc1+ 64. Qe3
Qf1+ 65. Kg3 Ke8 66. f7+ Ke7 67. f8=Q+ 1-0

[Event "XVI. DBMM Schach"]
[Site "Dresden"]
[Date "2016.11.05"]
[Round "5.3"]
[White "Gikas, Andreas Basilius"]
[Black "Rohne, Lars"]
[Result "1/2-1/2"]
[WhiteElo "2176"]
[BlackElo "2152"]
[Annotator "br"]
[PlyCount "28"]
[EventDate "2016.11.??"]
[SourceTitle "XVI. DBMM 2016"]
[Source "FV Schach e.V."]
[SourceDate "2017.06.14"]
[SourceVersion "1"]
[SourceVersionDate "2017.06.14"]
[SourceQuality "1"]
[WhiteTeam "Deutsche Post Bonn"]
[BlackTeam "le-tex Publishing Services Leipzig"]
[WhiteTeamCountry "GER"]
[BlackTeamCountry "GER"]

1. e4 g6 2. d4 Bg7 3. Nc3 d6 4. f4 a6 5. Nf3 b5 6. Bd3 Nd7 7. e5 c5 8. Qe2 cxd4
9. Nxd4 dxe5 10. Nc6 Qc7 11. Be4 f5 12. Bd5 Bb7 13. Nxe5 Nxe5 14. Bxb7 Qxb7
1/2-1/2

[Event "XVI. DBMM Schach"]
[Site "Dresden"]
[Date "2016.11.05"]
[Round "5.4"]
[White "Hartmann, Uwe"]
[Black "Lunnebach, Oliver"]
[Result "0-1"]
[WhiteElo "1964"]
[BlackElo "2109"]
[Annotator "br"]
[PlyCount "66"]
[EventDate "2016.11.??"]
[SourceTitle "XVI. DBMM 2016"]
[Source "FV Schach e.V."]
[SourceDate "2017.06.14"]
[SourceVersion "1"]
[SourceVersionDate "2017.06.14"]
[SourceQuality "1"]
[WhiteTeam "le-tex Publishing Services Leipzig"]
[BlackTeam "Deutsche Post Bonn"]
[WhiteTeamCountry "GER"]
[BlackTeamCountry "GER"]

1. e4 c6 2. d4 d5 3. e5 c5 4. c3 Nc6 5. Nf3 Bg4 6. Be2 e6 7. b3 cxd4 8. Nxd4
Bxe2 9. Qxe2 Bc5 10. Nxc6 bxc6 11. Bb2 Ne7 12. O-O O-O 13. Nd2 a5 14. a4 Qc7
15. Ba3 Bxa3 16. Rxa3 f6 17. exf6 Rxf6 18. Nf3 Ng6 19. Ra2 Raf8 20. Ng5 Nf4 21.
Qc2 Rg6 22. h4 h6 23. Qxg6 Nxg6 24. Nxe6 Qe5 25. Nxf8 Nxf8 26. Rc1 Qf4 27. Rac2
Qxh4 28. c4 d4 29. c5 Qd8 30. Rd1 Ne6 31. Rc4 Qd5 32. Kf1 d3 33. Rd2 Nxc5 0-1

[Event "XVI. DBMM Schach"]
[Site "Dresden"]
[Date "2016.11.05"]
[Round "5.1"]
[White "Gempe, Thomas"]
[Black "Blum, Norbert"]
[Result "1/2-1/2"]
[WhiteElo "2209"]
[BlackElo "1986"]
[Annotator "br"]
[PlyCount "65"]
[EventDate "2016.11.??"]
[SourceTitle "XVI. DBMM 2016"]
[Source "FV Schach e.V."]
[SourceDate "2017.06.14"]
[SourceVersion "1"]
[SourceVersionDate "2017.06.14"]
[SourceQuality "1"]
[WhiteTeam "ADAC Muenchen"]
[BlackTeam "Sparkassen-Versicherung Stuttgart"]
[WhiteTeamCountry "GER"]
[BlackTeamCountry "GER"]

1. e4 e6 2. d4 d5 3. Nd2 dxe4 4. Nxe4 Nd7 5. Nf3 Ngf6 6. Bd3 Nxe4 7. Bxe4 Nf6
8. Bd3 c5 9. O-O cxd4 10. Nxd4 Be7 11. c3 O-O 12. Qe2 Re8 13. Bf4 Bd7 14. Rad1
Qb6 15. Be5 Rad8 16. Rd2 a6 17. Rfd1 Bc8 18. Bb1 Qc5 19. b4 Qa7 20. Rd3 Bd7 21.
Rh3 h6 22. Qc2 Bc6 23. Nxc6 bxc6 24. Rxd8 Rxd8 25. Rg3 Rd5 26. Bd4 Qd7 27.
Rxg7+ Kf8 28. Rxf7+ Kxf7 29. Qg6+ Kf8 30. Qxh6+ Kf7 31. Bg6+ Kg8 32. Bh7+ Kf7
33. Bg6+ 1/2-1/2

[Event "XVI. DBMM Schach"]
[Site "Dresden"]
[Date "2016.11.05"]
[Round "5.2"]
[White "Bischoff, Ulrich"]
[Black "Haas, Peter"]
[Result "1-0"]
[WhiteElo "2107"]
[BlackElo "2098"]
[Annotator "br"]
[PlyCount "91"]
[EventDate "2016.11.??"]
[SourceTitle "XVI. DBMM 2016"]
[Source "FV Schach e.V."]
[SourceDate "2017.06.14"]
[SourceVersion "1"]
[SourceVersionDate "2017.06.14"]
[SourceQuality "1"]
[WhiteTeam "Sparkassen-Versicherung Stuttgart"]
[BlackTeam "ADAC Muenchen"]
[WhiteTeamCountry "GER"]
[BlackTeamCountry "GER"]

1. e4 e5 2. Nf3 Nc6 3. d4 exd4 4. Nxd4 Bb4+ 5. c3 Bc5 6. Bc4 Nf6 7. O-O O-O 8.
Nxc6 bxc6 9. e5 Ne8 10. Nd2 d5 11. Ne4 Qh4 12. Bxd5 Bg4 13. Qb3 cxd5 14. Bg5
Qh5 15. Qxd5 Nd6 16. exd6 Bxd6 17. Nxd6 cxd6 18. Qd2 d5 19. Rfe1 h6 20. Be7
Rfc8 21. f3 Be6 22. Bd6 Rc6 23. Bg3 Qg6 24. Be5 Rd8 25. b3 Rd7 26. Kh1 Rb7 27.
Re2 Rd7 28. b4 Rc4 29. Bd4 a6 30. Ree1 Rb7 31. a4 Rbxb4 $11 32. cxb4 Rc2 33.
Re2 Rxd2 34. Rxd2 Bd7 35. Bg1 Qc6 36. Rb2 Qc3 37. Rbb1 Kh7 38. b5 axb5 39. a5
d4 40. a6 Bc6 41. Rc1 Qxf3 42. Rxc6 Qxc6 43. a7 Qa8 44. Bxd4 b4 45. h3 b3 46.
Ra3 1-0

[Event "XVI. DBMM Schach"]
[Site "Dresden"]
[Date "2016.11.05"]
[Round "5.3"]
[White "Gempe, Anet"]
[Black "Marten, Gero"]
[Result "1/2-1/2"]
[WhiteElo "2027"]
[BlackElo "2010"]
[Annotator "br"]
[PlyCount "27"]
[EventDate "2016.11.??"]
[SourceTitle "XVI. DBMM 2016"]
[Source "FV Schach e.V."]
[SourceDate "2017.06.14"]
[SourceVersion "1"]
[SourceVersionDate "2017.06.14"]
[SourceQuality "1"]
[WhiteTeam "ADAC Muenchen"]
[BlackTeam "Sparkassen-Versicherung Stuttgart"]
[WhiteTeamCountry "GER"]
[BlackTeamCountry "GER"]

1. e4 c5 2. Nf3 d6 3. d4 cxd4 4. Nxd4 Nf6 5. Nc3 a6 6. Be2 e5 7. Nb3 Be7 8. Be3
Be6 9. O-O O-O 10. f3 d5 11. exd5 Nxd5 12. Nxd5 Qxd5 13. Qxd5 Bxd5 14. c4
1/2-1/2

[Event "XVI. DBMM Schach"]
[Site "Dresden"]
[Date "2016.11.05"]
[Round "5.4"]
[White "Seifert, Martin"]
[Black "Weidl, Robert"]
[Result "1-0"]
[WhiteElo "1988"]
[BlackElo "1909"]
[Annotator "br"]
[PlyCount "94"]
[EventDate "2016.11.??"]
[SourceTitle "XVI. DBMM 2016"]
[Source "FV Schach e.V."]
[SourceDate "2017.06.14"]
[SourceVersion "1"]
[SourceVersionDate "2017.06.14"]
[SourceQuality "1"]
[WhiteTeam "Sparkassen-Versicherung Stuttgart"]
[BlackTeam "ADAC Muenchen"]
[WhiteTeamCountry "GER"]
[BlackTeamCountry "GER"]

1. e4 c5 2. Nf3 d6 3. d4 cxd4 4. Nxd4 Nf6 5. Nc3 a6 6. Be2 e5 7. Nf3 b5 8. Bg5
Be7 9. Nd5 Nxd5 10. Qxd5 Ra7 11. Bxe7 Qxe7 12. Rd1 Rd7 13. Qb3 Bb7 14. c4 bxc4
15. Bxc4 Nc6 16. Bd5 Na5 17. Qa4 Bxd5 18. Rxd5 Nb7 19. Qxa6 O-O 20. O-O Nc5 21.
Qe2 Rb8 22. b3 Rb4 23. Nd2 Ne6 24. Nc4 Nf4 25. Qd2 Nxd5 26. Qxd5 Rb8 27. Rd1
Rbd8 28. h3 h6 29. a4 Qe6 30. a5 Qxd5 31. Rxd5 Kf8 32. b4 Ke7 33. Nb6 Rb7 34.
Rb5 Rdb8 35. f3 Kd8 36. Kf2 Kc7 37. Ke3 Rxb6 38. axb6+ Rxb6 39. Rxb6 Kxb6 40.
Kd3 Kb5 41. Kc3 f5 42. exf5 d5 43. g4 d4+ 44. Kb3 d3 45. Kc3 d2 46. Kxd2 Kxb4
47. Kd3 Kc5 1-0

[Event "XVI. DBMM Schach"]
[Site "Dresden"]
[Date "2016.11.05"]
[Round "5.1"]
[White "Schmidt, Harald"]
[Black "Gottschalk, Jens"]
[Result "0-1"]
[WhiteElo "2364"]
[BlackElo "2282"]
[Annotator "br"]
[PlyCount "108"]
[EventDate "2016.11.??"]
[SourceTitle "XVI. DBMM 2016"]
[Source "FV Schach e.V."]
[SourceDate "2017.06.14"]
[SourceVersion "1"]
[SourceVersionDate "2017.06.14"]
[SourceQuality "1"]
[WhiteTeam "Transit Hamburg"]
[BlackTeam "R + V Versicherung Wiesbaden"]
[WhiteTeamCountry "GER"]
[BlackTeamCountry "GER"]

1. c4 e5 2. a3 Nf6 3. d3 d5 4. cxd5 Nxd5 5. Nf3 Nc6 6. e4 Nb6 7. Be2 Be7 8. O-O
Be6 9. Nc3 a5 10. Be3 O-O 11. Na4 Nxa4 12. Qxa4 Qd7 13. Rfe1 f6 14. Rac1 Rfd8
15. Qc2 Rac8 16. Qc3 a4 17. Bd1 Qxd3 18. Bxa4 Qxc3 19. Rxc3 Nd4 20. Nd2 b5 21.
Bb3 Nxb3 22. Nxb3 b4 23. axb4 Bxb4 24. Nc5 Bxc3 25. bxc3 Bc4 26. f4 Ra8 27.
fxe5 fxe5 28. h4 h6 29. Kh2 Ra2 30. Kg3 Rc2 31. h5 Bf7 32. Kg4 Rxg2+ 33. Kf5
Bxh5 34. Kxe5 Re2 35. Rxe2 Bxe2 36. Ke6 Bb5 37. Bf4 Re8+ 38. Kd5 Rd8+ 39. Ke6
Bc6 40. Bxc7 Re8+ 41. Kf5 Kf7 42. e5 g6+ 43. Kf4 g5+ 44. Kf5 Bd5 45. Bd6 Ba2
46. Ke4 g4 47. Kf4 h5 48. Nb7 Ra8 49. Bc5 h4 50. Bg1 g3 51. Nd6+ Ke6 52. Ne4
Bd5 53. Nf6 h3 54. c4 Bc6 0-1

[Event "XVI. DBMM Schach"]
[Site "Dresden"]
[Date "2016.11.05"]
[Round "5.2"]
[White "Seidler, Lukas"]
[Black "Ziller, Christian"]
[Result "1-0"]
[WhiteElo "2196"]
[BlackElo "2071"]
[Annotator "br"]
[PlyCount "77"]
[EventDate "2016.11.??"]
[SourceTitle "XVI. DBMM 2016"]
[Source "FV Schach e.V."]
[SourceDate "2017.06.14"]
[SourceVersion "1"]
[SourceVersionDate "2017.06.14"]
[SourceQuality "1"]
[WhiteTeam "R + V Versicherung Wiesbaden"]
[BlackTeam "Transit Hamburg"]
[WhiteTeamCountry "GER"]
[BlackTeamCountry "GER"]

1. e4 e6 2. d4 d5 3. Nc3 Bb4 4. e5 c5 5. a3 cxd4 6. axb4 dxc3 7. bxc3 Qc7 8.
Nf3 Ne7 9. Bd3 Nd7 10. O-O b6 11. Re1 Ng6 12. Qe2 Bb7 13. h4 Qxc3 14. Bd2 Qc7
15. h5 Ne7 16. Nd4 Nc6 17. Nb5 Qxe5 18. Qg4 Nf6 19. Qxg7 Ne4 20. Qxe5 Nxe5 21.
Bxe4 dxe4 22. Bc3 f6 23. Bxe5 fxe5 24. Nc7+ Kd7 25. Nxa8 Rxa8 26. b5 Bd5 27.
Ra4 Kd6 28. Re3 h6 29. Kh2 Rf8 30. c4 Rxf2 31. cxd5 exd5 32. Rxa7 Kc5 33. Rh7
Rf6 34. Re1 Kxb5 35. Re7 Rf5 36. g4 Rg5 37. Kg3 Kc4 38. Re6 Kc3 39. Rg6 1-0

[Event "XVI. DBMM Schach"]
[Site "Dresden"]
[Date "2016.11.05"]
[Round "5.3"]
[White "Meister, Bernd Holger"]
[Black "Werner, Gregor"]
[Result "0-1"]
[WhiteElo "1812"]
[BlackElo "2128"]
[Annotator "br"]
[PlyCount "134"]
[EventDate "2016.11.??"]
[SourceTitle "XVI. DBMM 2016"]
[Source "FV Schach e.V."]
[SourceDate "2017.06.14"]
[SourceVersion "1"]
[SourceVersionDate "2017.06.14"]
[SourceQuality "1"]
[WhiteTeam "Transit Hamburg"]
[BlackTeam "R + V Versicherung Wiesbaden"]
[WhiteTeamCountry "GER"]
[BlackTeamCountry "GER"]

1. d4 Nf6 2. Nf3 g6 3. c4 Bg7 4. Nc3 O-O 5. g3 d6 6. Bg2 Nc6 7. O-O e5 8. e4
Bg4 9. d5 Nd4 10. Be3 Re8 11. h3 Nxf3+ 12. Bxf3 Bxh3 13. Re1 Qd7 14. Qa4 Qe7
15. Qd1 Rf8 16. Kh2 Bc8 17. Bg5 h6 18. Be3 Ne8 19. Qd2 h5 20. Rh1 Nf6 21. Bg5
a6 22. Kg2 Qe8 23. Bh6 Bg4 24. Bxg4 Nxg4 25. Bxg7 Kxg7 26. f3 Nf6 27. Rag1 Qe7
28. Qg5 Nxd5 29. Rxh5 Qxg5 30. Rxg5 Ne3+ 31. Kf2 f6 32. Rxg6+ Kxg6 33. Kxe3 c6
34. Rd1 Rad8 35. Ne2 f5 36. exf5+ Kxf5 37. g4+ Ke6 38. Ng3 d5 39. cxd5+ cxd5
40. Nf5 Rh8 41. Ng7+ Kf6 42. Nh5+ Kg5 43. Ng7 Rd7 44. Ne6+ Kf6 45. Nc5 d4+ 46.
Ke4 Re7 47. Rd2 Rh1 48. Kd5 Rf1 49. Ne4+ Kg6 50. Kd6 Re8 51. Rd3 Re1 52. Kd7
Rh8 53. Rb3 Rf8 54. Rb6+ Kg7 55. Ng5 Rf6 56. Ne6+ Kg6 57. g5 Rxe6 58. Kxe6 Kxg5
59. Rxb7 Kf4 60. Rf7+ Ke3 61. Kxe5 d3 62. f4 d2 63. Rd7 d1=Q 64. Rxd1 Rxd1 65.
f5 Rd2 66. f6 Rf2 67. Ke6 Kd4 0-1